Коррекция гомеостаза в предоперационном и раннем послеоперационном периоде у хирургических больных (Запись № 10135112)

Подробности
000 -МАРКЕР
контрольное поле 02331nam0a2200349 i 4500
001 - ИДЕНТИФИКАТОР ЗАПИСИ
контрольное поле RU\NLR\BIBL_A\010795679
005 - ИДЕНТИФИКАТОР ВЕРСИИ
контрольное поле 20260406053218.0
010 ## - МЕЖДУНАРОДНЫЙ СТАНДАРТНЫЙ НОМЕР КНИГИ (ISBN)
Номер (ISBN) 9785767720309
Тираж 200
021 ## - НОМЕР ГОСУДАРСТВЕННОЙ РЕГИСТРАЦИИ
Код страны Российская Федерация
Номер 2015-42115
Номер Листа государственной регистраци 2499
035 ## - ДРУГИЕ СИСТЕМНЫЕ НОМЕРА
Идентификатор записи (NILC)RuMoRGB-007951736
035 ## - ДРУГИЕ СИСТЕМНЫЕ НОМЕРА
Идентификатор записи (NLR Aleph) 010795679
100 ## - ДАННЫЕ ОБЩЕЙ ОБРАБОТКИ
Данные общей обработки 20150701d2014 um y0rusy50 ca
101 0# - ЯЗЫК РЕСУРСА
Язык текста, звукозаписи и т.д. русский
102 ## - СТРАНА ПУБЛИКАЦИИ ИЛИ ПРОИЗВОДСТВА
Страна публикации Российская Федерация
105 ## - ПОЛЕ КОДИРОВАННЫХ ДАННЫХ: ТЕКСТОВЫЕ МАТЕРИАЛЫ, МОНОГРАФИЧЕСКИЕ
Кодированные данные о монографическом текстовом документе y|||j||||01yy
200 1# - ЗАГЛАВИЕ И СВЕДЕНИЯ ОБ ОТВЕТСТВЕННОСТИ
Основное заглавие Коррекция гомеостаза в предоперационном и раннем послеоперационном периоде у хирургических больных
Сведения, относящиеся к заглавию учебное пособие
Первые сведения об ответственности В. Е. Волков, Г. В. Жамков, С. В. Волков, Д. Г. Жамков
Последующие сведения об ответственности [отв. ред. засл. деят. науки и техники РФ, д. м. н., проф. Л. И. Винницкий]
-- М-во образования и науки Российской Федерации, Федеральное гос. бюджетное образовательное учреждение высш. проф. образования "Чувашский гос. ун-т им. И. Н. Ульянова"
210 ## - ПУБЛИКАЦИЯ, РАСПРОСТРАНЕНИЕ И ДР.
Место издания, распространения и т.д. Чебоксары
Имя издателя, распространителя и т. д. Изд-во Чувашского университета
Дата издания, распространения и т.д. 2014
215 ## - ФИЗИЧЕСКАЯ ХАРАКТЕРИСТИКА
Специфическое обозначение материала и объем 211 с.
Размеры 21
320 ## - ПРИМЕЧАНИЯ О НАЛИЧИИ В ДОКУМЕНТЕ БИБЛИОГРАФИИ / УКАЗАТЕЛЯ
Текст примечания Библиогр.: с. 208-209 (39 назв.)
606 1# - НАИМЕНОВАНИЕ ТЕМЫ КАК ПРЕДМЕТ
Наименование темы Гомеостаз
Формальный подзаголовок Учебные издания для высших учебных заведений
Тематический подзаголовок Расстройства при хирургических болезнях
-- Терапия
Системный номер авторитетной/нормативной записи 2251187
Идентификатор авторитетной/нормативной записи RU\NLR\AUTH\6601580882
686 1# - ИНДЕКСЫ ДРУГИХ КЛАССИФИКАЦИЙ
Индекс Р45-2я73
701 #1 - ИМЯ ЛИЦА - АЛЬТЕРНАТИВНАЯ ОТВЕТСТВЕННОСТЬ
Графика поля Кириллица
Материалы, к которым относится поле rus
Начальный элемент ввода Волков
Часть имени, кроме начального элемента ввода В. Е.
Дополнения к именам, кроме дат д-р мед. наук
Даты 1935-
Расширение инициалов личного имени Владимир Егорович
Системный номер авторитетной/нормативной записи 117934
Идентификатор авторитетной/нормативной записи RU\NLR\AUTH\778013
701 #1 - ИМЯ ЛИЦА - АЛЬТЕРНАТИВНАЯ ОТВЕТСТВЕННОСТЬ
Начальный элемент ввода Жамков
Часть имени, кроме начального элемента ввода Г. В.
Расширение инициалов личного имени Геннадий Викторович
701 #1 - ИМЯ ЛИЦА - АЛЬТЕРНАТИВНАЯ ОТВЕТСТВЕННОСТЬ
Графика поля Кириллица
Материалы, к которым относится поле rus
Начальный элемент ввода Волков
Часть имени, кроме начального элемента ввода С. В.
Дополнения к именам, кроме дат д-р мед. наук, хирург. гастроэнтерология
Расширение инициалов личного имени Сергей Владимирович
Системный номер авторитетной/нормативной записи 117935
Идентификатор авторитетной/нормативной записи RU\NLR\AUTH\778014
701 #1 - ИМЯ ЛИЦА - АЛЬТЕРНАТИВНАЯ ОТВЕТСТВЕННОСТЬ
Начальный элемент ввода Жамков
Часть имени, кроме начального элемента ввода Д. Г.
Расширение инициалов личного имени Дмитрий Геннадьевич
702 #1 - ИМЯ ЛИЦА - ВТОРИЧНАЯ ОТВЕТСТВЕННОСТЬ
Начальный элемент ввода Винницкий
Часть имени, кроме начального элемента ввода Л.И.
Расширение инициалов личного имени Леонид Ильич
Код отношения Редактор
801 #0 - ИСТОЧНИК ЗАПИСИ
Страна Российская Федерация
Организация РГБ
Дата составления 20150608
Правила каталогизации RCR
942 ## - ДОПОЛНИТЕЛЬНЫЕ ЭЛЕМЕНТЫ ЗАПИСИ (АБИС)
Тип экземпляра АБИС Книга
980 ## - КОЛЛЕКЦИЯ
Название коллекции НБР

Нет доступных экземпляров.